Az amerikai demokrácia francia elmélete - Alexis de Tocqueville: A demokrácia Amerikában. Gondolat, Bp. 1983.
Elmentve itt :
| Szerző: | |
|---|---|
| Adatforrás: | Philobibl |
| Forrásdokumentuma: | Világosság 25 1984/11., 718-719. p. |
| Dokumentumtípus: | Cikk |
| Nyelv: | magyar |
| Kulcsszavak: | politikai filozófia |
| LEADER | 00402nab a2200109 c 4500 | ||
|---|---|---|---|
| 001 | bibDOK00002826 | ||
| 005 | 20200924115914.3 | ||
| 008 | 060518s1984 hu hun | ||
| 100 | 1 | |a Szabó Máté | |
| 245 | 1 | 3 | |a Az amerikai demokrácia francia elmélete - Alexis de Tocqueville: A demokrácia Amerikában. Gondolat, Bp. 1983. |c Szabó Máté |
| 695 | |a politikai filozófia | ||
| 773 | 0 | |t Világosság 25 |g 1984/11., 718-719. p. | |